[Event "Chesscup Rapid 2020"]
[Site "Katowice"]
[Date "2020.09.13"]
[Round "6.6"]
[White "Szczurek, Krzysztof"]
[Black "Golubka, Petro"]
[Result "0-1"]
[WhiteElo "2031"]
[BlackElo "2488"]
[Annotator "TA"]
[PlyCount "113"]
[EventDate "2020.09.12"]
[EventType "swiss"]
[EventCountry "POL"]
[SourceTitle "playchess.com"]
[Source "ChessBase"]
[SourceQuality "1"]

{[%evp 9,113,-10,-15,-8,-8,-72,-72,-95,-62,-54,-56,-92,-92,-82,-75,-71,-66,-118,-122,-141,-143,-142,-137,-216,-216,-177,-155,-212,-204,-228,-199,-193,-158,-203,-162,-214,-175,-264,-218,-239,-240,-228,-240,-232,-205,-206,-173,-286,-284,-412,-295,-282,0,-406,-404,-406,-398,-358,-308,-546,-546,-546,-542,-531,-508,-452,-427,-830,-816,-709,-392,-381,-371,-359,-350,-506,-487,-621,-612,-621,-587,-1270,-1277,-1104,-1140,-1692,-1610,-1413,-1152,-1418,-1186,-1360,-827,-1505,-956,-2635,-2420,-7622,-6215,-29970,-29955,-29978,-29978,-29978,-29978,-29987]} 1. d4 b6 2. c4 Bb7 3. Nc3 e6 4. Nf3 Bb4 5. a3 Bxc3+ $1 6. bxc3 {A40: Unusual replies to 1 d4.} f5 7. d5 (7. a4 $11) 7... Nf6 $17 8. dxe6 {Black is better.} dxe6 9. Qxd8+ $1 Kxd8 {[#]} 10. Nd4 $146 ({Predecessor:} 10. Bf4 Nbd7 11. Rd1 Kc8 12. h4 Re8 13. Ne5 Re7 14. Rh3 Nxe5 15. Bxe5 Nd7 16. Bh2 {0-1 (25) Schnabel,A (2138)-Tereick,B (2356) Schwaebisch Gmuend 2009}) 10... Ke7 11. Bf4 Rc8 12. e3 Nbd7 13. Bg5 ({Better is} 13. Nf3 $15) 13... h6 14. Bxf6+ Kxf6 15. f3 Nc5 16. Be2 (16. Rb1 $17) 16... e5 $19 17. Nc2 Na4 18. Kf2 (18. Nb4 $17) 18... Rd8 19. Rhc1 Nxc3 {[#] ...Rd2 is the strong threat.} 20. Nb4 Na4 21. Rd1 e4 22. fxe4 (22. Nd5+ $142 Bxd5 23. cxd5) 22... fxe4 23. Nc2 (23. Rac1 {is a better defense.}) 23... Nc3 24. Rf1 Ke5 {Strongly threatening ...c5.} 25. Nd4 c5 26. Nb5 Nxb5 27. cxb5 Bd5 28. Kg3 (28. Ke1 {was necessary.}) 28... Be6 29. Rad1 (29. Bg4 $142) 29... Bb3 30. Rb1 Be6 (30... Rd2 $142 31. Bg4 Rd3 32. Rf5+ Kd6) 31. Rbd1 Rxd1 32. Rxd1 {[%mdl 4096] Endgame KRB-KRB} Rc8 33. Kf2 c4 34. Ke1 $2 (34. Rc1) 34... c3 35. Rc1 Bb3 36. Bf1 Rc5 37. Be2 Ba4 38. Kf2 (38. Bf1 $142) 38... c2 39. Ke1 Bxb5 40. Bxb5 Rxb5 41. Rxc2 {KR-KR} Rb3 42. Rc7 (42. Kf2 {was worth a try.}) 42... Rxe3+ 43. Kf2 Rxa3 44. Rxg7 a5 {[%cal Ba7a5,Ba5a4,Ba4a3][%mdl 32]} 45. Rg6 Rb3 46. Rxh6 a4 47. h4 a3 {[#] ( -> ...a2)} 48. Rh8 Rb2+ 49. Kg3 b5 {[%cal Bb6b5,Bb5b4,Bb4b3][%mdl 32]} 50. h5 b4 51. Ra8 Kf6 52. Ra6+ Kg7 53. Kf4 Rxg2 54. Kxe4 a2 {Black mates.} 55. Kd3 b3 56. Kc3 Rg1 57. Kd4 {Accuracy: White = 38%, Black = 78%.} 0-1

[Event "Chesscup Rapid 2020"]
[Site "Katowice"]
[Date "2020.09.13"]
[Round "6.7"]
[White "Koziak, Vitali"]
[Black "Redzisz, Michal"]
[Result "1-0"]
[WhiteElo "2434"]
[BlackElo "2164"]
[Annotator "TA"]
[PlyCount "67"]
[EventDate "2020.09.12"]
[EventType "swiss"]
[EventCountry "POL"]
[SourceTitle "playchess.com"]
[Source "ChessBase"]
[SourceQuality "1"]

{[%evp 29,67,52,51,-18,49,-37,-11,-14,-8,-23,-10,-25,64,58,80,67,82,49,182,186,199,213,184,174,265,256,478,486,1401,1329,5227,3530,5718,3004,29983,29984,29996,29997,29998,29999]} 1. Nf3 c5 2. c4 g6 3. d4 cxd4 4. Nxd4 Bg7 5. e4 Nc6 6. Be3 Nf6 7. Nc3 d6 8. Be2 O-O 9. O-O Bd7 10. Qd2 Nxd4 11. Bxd4 Bc6 12. f3 Nd7 13. Be3 a5 14. Rab1 Nc5 15. b3 e6 16. a3 {B38: Sicilian: Maroczy Bind with 5...Bg7 and 7...0-0.} (16. Rbd1 $14) 16... Be5 {[#]} (16... a4 $11) 17. Kh1 $146 {[#]} (17. g3 $14) ({Predecessor:} 17. b4 axb4 18. axb4 Ra3 19. bxc5 Rxc3 20. f4 Bg7 21. e5 dxe5 22. Qxc3 exf4 23. Qd2 Qg5 {0-1 (43) Bu,X (2730)-Savchenko,B (2566) Riadh 2017}) 17... Qh4 $1 {[%csl Ge5][%cal Rh4h2][%mdl 512]} 18. Bg1 {The position is equal.} g5 19. b4 axb4 20. axb4 {[#]} Na4 ({Black should play} 20... g4 $1 $11 {[%mdl 512]} 21. fxg4 (21. bxc5 $2 Bxh2 {[%mdl 64] Remove Defender} 22. Bxh2 g3 $19 {[%mdl 64] Pin}) 21... Nxe4 22. Nxe4 Bxe4) 21. Nd1 $14 {[%cal Bc3d1,Bd1f2,Bf2g4][%mdl 32]} g4 {White must now prevent ...Bxh2!} 22. fxg4 Bxe4 23. Rb3 f5 {[#] Black cannot hold the game after this.} (23... Bg6 $14) 24. Nf2 $1 $18 Bc6 25. Rh3 Qe7 {[#]} 26. gxf5 $1 Rxf5 (26... exf5 {might work better.} 27. Nd3 (27. b5 Bd7 $16) 27... Bc3) 27. Ng4 Rxf1 $2 (27... Qg7 {was necessary.}) 28. Bxf1 Qg7 (28... Rf8 $142 29. Nxe5 Rxf1) 29. Nxe5 Qxe5 30. Bd4 Qf5 31. Rg3+ Kf8 32. Qh6+ {White mates.} Ke8 33. Rg8+ Kd7 34. Qg7+ {Accuracy: White = 84%, Black = 24%.} 1-0

[Event "Chesscup Rapid 2020"]
[Site "Katowice"]
[Date "2020.09.13"]
[Round "6.8"]
[White "Gardian, Adam"]
[Black "Lewicki, Miroslaw"]
[Result "0-1"]
[WhiteElo "1859"]
[BlackElo "2348"]
[Annotator "TA"]
[PlyCount "94"]
[EventDate "2020.09.12"]
[EventType "swiss"]
[EventCountry "POL"]
[SourceTitle "playchess.com"]
[Source "ChessBase"]
[SourceQuality "1"]

{[%evp 9,94,8,10,-2,1,0,2,-15,-26,-21,-5,-8,-16,-18,-10,-17,0,-12,0,-8,-5,-8,0,-13,0,-67,-31,-52,-39,-110,-22,-35,30,1,21,3,140,51,41,51,50,50,47,41,34,54,46,-22,0,0,0,0,0,-32,0,-86,-90,-97,-97,-84,-68,-131,-125,-180,-169,-188,-121,-193,-99,-344,-344,-303,-230,-276,-266,-447,-439,-490,-494,-867,-814,-1086,-1034,-2127,-1609,-1391,-1311]} 1. d4 b6 2. Bf4 Bb7 3. e3 g6 4. Nd2 Bg7 5. Ngf3 Nf6 6. c3 {A47: 1 d4 Nf6 2 Nf3 b6: Torre, London and Colle Systems.} O-O 7. Bd3 d6 8. Qe2 {The position is equal.} Nbd7 9. Ba6 Qc8 10. Bxb7 Qxb7 {[#]} 11. O-O $146 ({Predecessor:} 11. h3 Rfe8 12. a4 a6 13. O-O e5 14. dxe5 dxe5 15. Bg3 e4 16. Nd4 c5 17. Nc2 {½-½ (44) Phillips,R (1852)-Rodchenkov,S (2346) chess.com INT 2020}) 11... Nh5 12. Bg5 e5 13. dxe5 dxe5 14. e4 h6 15. Be3 Rad8 16. Rfd1 Nhf6 17. Qb5 (17. Nh4 $11) 17... a6 18. Qa4 Ng4 19. Nf1 ({White should try} 19. Re1 $1 $15) 19... b5 (19... Nxe3 $17 20. Nxe3 Nc5) 20. Qc2 $1 $11 Ngf6 (20... Nxe3 $15 21. Nxe3 Nf6) 21. N3d2 Ng4 22. Nb3 f5 (22... Nxe3 $11 23. Nxe3 Nf6) 23. Nc5 ({Better is} 23. exf5 $16 gxf5 24. h3 Nxe3 25. Nxe3) 23... Qc6 $14 24. Qb3+ Rf7 $1 25. Nxd7 Rdxd7 26. Rxd7 Qxd7 27. Rd1 Qe8 28. Qd5 (28. exf5 $14 gxf5 29. Bc5) 28... Kh7 29. exf5 gxf5 30. Bc5 Nf6 31. Qd8 Qc6 32. b4 (32. Ba3 $11 {keeps the balance.}) 32... Ne4 $17 33. Qd3 Nxc5 34. bxc5 Qxc5 35. Ne3 ({White should play} 35. Qd5 $15 Qxd5 36. Rxd5) 35... e4 $36 {[%mdl 2048] White is under strong pressure.} 36. Qd5 (36. Qb1 $17 {might work better.}) 36... Qxd5 $19 37. Rxd5 Bxc3 {[%mdl 4096] Endgame KRB-KRN} (37... f4 $19 38. Nf5 Bxc3) 38. g3 (38. Nxf5 $17 c6 39. Rc5) 38... Bb4 (38... Kg6 $19 39. Rc5 Bd4 40. Rc6+ Rf6 41. Rxc7 Bxe3 42. fxe3 Rd6) 39. Rxf5 $2 {[#] This move loses the game for White.} (39. Nxf5 $17 {was worth a try.} c5 40. Ne3) 39... Rxf5 40. Nxf5 $17 {KB-KN} Bc5 41. Kf1 Kg6 42. g4 $2 (42. Nh4+ {only move.} Kf6 43. Ke1) 42... Kg5 $19 {Black is clearly winning.} 43. h3 a5 {[%cal Ba6a5,Ba5a4,Ba4a3][%mdl 32]} 44. Ke2 (44. Ng3 $142 Kf4 45. Ne2+ Ke5 46. h4) 44... b4 45. f3 a4 46. fxe4 b3 47. axb3 a3 {Accuracy: White = 43%, Black = 64%.} 0-1

[Event "Chesscup Rapid 2020"]
[Site "Katowice"]
[Date "2020.09.13"]
[Round "6.9"]
[White "Sadzikowski, Daniel"]
[Black "Herwy, Jakub"]
[Result "1-0"]
[WhiteElo "2527"]
[BlackElo "1754"]
[Annotator "TA"]
[PlyCount "75"]
[EventDate "2020.09.12"]
[EventType "swiss"]
[EventCountry "POL"]
[SourceTitle "playchess.com"]
[Source "ChessBase"]
[SourceQuality "1"]

{[%evp 12,75,21,25,25,22,13,25,17,15,19,7,18,4,52,14,63,65,85,81,97,83,97,81,102,81,207,114,116,112,120,126,267,264,257,241,335,324,314,317,423,432,503,486,683,676,819,819,774,754,1170,1223,1147,1194,29992,29993,29993,1527,3498,3139,2631,2583,2351,2398,29985,29986]} 1. c4 e5 2. g3 Nc6 3. Bg2 g6 4. Nc3 Bg7 5. Rb1 d6 6. b4 {[%cal Bb2b4,Bb4b5][%mdl 32]} f5 7. b5 Nd4 {A25: English Opening vs King's Indian with ...Nc6 but without early d3.} 8. e3 Ne6 9. Nge2 Nf6 {White has an edge.} 10. d4 e4 11. a4 {[%cal Ba2a4,Ba4a5][%mdl 32]} O-O {[#]} 12. O-O $146 ({Predecessor:} 12. Ba3 Re8 13. Qb3 Kh8 14. h4 Nh5 15. c5 Nf6 16. cxd6 cxd6 17. O-O b6 18. Nd5 Bb7 19. Ndf4 Nf8 20. Rfc1 h6 21. Qf7 {1-0 (21) Rivas Pastor,M (2511)-Mendivil Anton,D (2271) El Sauzal 2006}) 12... h5 13. a5 a6 14. b6 c6 15. d5 cxd5 16. Nxd5 ({Don't play} 16. cxd5 $6 Nc5 $11) 16... Nc5 17. Nef4 {Nc7 is the strong threat.} Kh7 18. Ba3 Qd7 (18... Rb8 $16 {keeps fighting.}) 19. Bxc5 ({White should play} 19. Nc7 $1 $18 {[%cal Rc7a8]} Rb8 20. Rb2) 19... dxc5 $16 20. Nc7 Rb8 21. Nfe6 Qxe6 (21... Rg8 $16 {was worth a try.}) 22. Nxe6 $18 Bxe6 23. Qc2 Nd7 24. f3 exf3 25. Bxf3 Ne5 26. Bd5 Bxd5 27. cxd5 Rbc8 (27... Rfe8 $142 28. d6 Nc6 29. Qxc5 Re5) 28. e4 fxe4 29. Qxe4 Rfe8 30. d6 Rc6 31. Rbd1 Rd8 32. Rd5 Ng4 33. Rxh5+ Nh6 {[#]} 34. Rd5 (34. Rxh6+ $142 $1 Bxh6 35. Qe7+ {[%mdl 64] Double Attack} Bg7 {[#]} 36. Rf7 $1 {[%mdl 512]} Rc7 37. bxc7 Re8 38. Rxg7+ Kh8 39. Rh7+ Kg8 40. Qg7#) 34... c4 35. d7 c3 36. Qe8 Rxe8 37. dxe8=Q c2 {[#]} 38. Qxc6 $3 {[%mdl 64] Promotion. Accuracy: White = 78%, Black = 37%.} 1-0

[Event "Chesscup Rapid 2020"]
[Site "Katowice"]
[Date "2020.09.13"]
[Round "6.10"]
[White "Szwaj, Justyna"]
[Black "Piorun, Kacper"]
[Result "0-1"]
[WhiteElo "1807"]
[BlackElo "2596"]
[Annotator "TA"]
[PlyCount "46"]
[EventDate "2020.09.12"]
[EventType "swiss"]
[EventCountry "POL"]
[SourceTitle "playchess.com"]
[Source "ChessBase"]
[SourceQuality "1"]

{[%evp 14,46,31,21,47,35,58,54,66,0,0,0,0,0,0,14,19,0,6,8,52,46,52,65,21,30,88,67,76,32,27,27,42,-896,-878]} 1. e4 c5 2. Nf3 d6 3. d4 cxd4 4. Nxd4 Nf6 5. Nc3 a6 6. h3 e6 7. g4 h6 {7...Be7 is a critical line. Played by Liren Ding in July 2020.} 8. Bg2 Nfd7 {B81: Sicilian Scheveningen: Keres Attack.} 9. Be3 g5 {[#]} 10. Qd2 $146 ({Predecessor:} 10. Qe2 Ne5 11. O-O-O Nbc6 12. Rd2 Bd7 13. f4 gxf4 14. Bxf4 Qa5 15. Nb3 Qc7 16. Rhd1 O-O-O {½-½ (110) Lei,T (2471)-Bodnaruk,A (2443) China 2017}) 10... Ne5 {White is slightly better.} 11. O-O-O ({White should try} 11. b3 $14) 11... Nc4 $1 $11 {[%cal Rc4d2]} 12. Qe2 Nxe3 13. Qxe3 Nd7 $1 14. h4 $36 {[%mdl 2048] And now hxg5 would win. White has good play.} Rg8 15. hxg5 hxg5 16. Nf3 Be7 17. e5 d5 18. Rh5 Qb6 19. Nd4 Qc7 (19... Qc5 $1 $11 {remains equal.}) 20. f4 $16 Nb6 $1 21. Bf1 gxf4 22. Qxf4 Bd7 23. Rh7 $2 {[%mdl 8192] [#]} (23. Kb1 $14) 23... Bg5 {Accuracy: White = 67%, Black = 83%.} 0-1

[Event "Chesscup Rapid 2020"]
[Site "Katowice"]
[Date "2020.09.13"]
[Round "7.1"]
[White "Janik, Igor"]
[Black "Socko, Bartosz"]
[Result "1-0"]
[WhiteElo "2470"]
[BlackElo "2601"]
[Annotator "TA"]
[PlyCount "86"]
[EventDate "2020.09.12"]
[EventType "swiss"]
[EventCountry "POL"]
[SourceTitle "playchess.com"]
[Source "ChessBase"]
[SourceQuality "1"]

{[%evp 9,86,-6,18,-28,-15,-69,-23,-42,0,0,0,-100,-65,-53,-60,-59,-63,-78,-36,-43,-20,-30,-42,-56,4,-56,52,43,45,-88,92,105,104,-25,-18,-50,-51,-114,-118,-153,-156,-165,-135,-134,-124,-116,-97,-102,-110,-329,-319,-412,-410,-416,-407,-368,-331,-345,-335,-330,-331,-331,-290,-322,-243,-514,-508,-659,-653,-687,-672,-860,-827,-1264,-1267,-1584,-1556,-2192,-1345]} 1. e4 c6 2. Nf3 d5 3. d3 g6 4. e5 Bg7 5. h3 {[#]} c5 $146 ({Predecessor:} 5... f6 6. d4 fxe5 7. Nxe5 Nd7 8. f4 Nxe5 9. dxe5 Nh6 10. a4 a5 11. Ra3 O-O {0-1 (40) Antipov,M (2558)-Rozum,I (2593) Budva 2019}) 6. Bf4 {B10: Caro-Kann: 2 d3 and 2 c4.} Nc6 7. Qe2 (7. d4 $11) 7... Qb6 8. c3 {Black has an edge.} d4 9. g3 Bf5 10. Qd2 (10. cxd4 $11 Qb4+ 11. Qd2) 10... g5 11. Bxg5 Nxe5 12. Nxe5 Bxe5 13. c4 Qe6 {Hoping for ...h6.} 14. Kd1 Qg6 15. g4 Bd7 16. f4 h6 (16... Bc6 $15 17. Rg1 Bc7) 17. Bh4 (17. fxe5 $11 hxg5 18. Bg2) 17... Bc6 ({Black should play} 17... Bc7 $15) 18. Rg1 $14 Bc7 19. Na3 {[#]} (19. f5 $14 {keeps the upper hand.} Qd6 20. Qf2) 19... Nf6 $2 (19... h5 $1 $17 {[%cal Rh5g4] stays on course. Threatens to win with ...hxg4.} 20. Kc2 hxg4 21. Rxg4 Qd6) 20. f5 $16 Qg7 21. Nb5 (21. Bg2 $16) 21... Bxb5 $1 $11 22. cxb5 Nd5 {Strongly threatening ...Ne3+.} 23. f6 ({White should try} 23. Bg2 $15 Bf4 24. Qe2 Ne3+ 25. Ke1) 23... exf6 $17 ({Reject} 23... Nxf6 $6 24. Bg2 $11) 24. Qf2 Qg6 25. Kc2 Bf4 26. Qf3 O-O-O 27. Re1 Be3 28. Rg2 c4 29. Kb1 $2 {This costs White the game.} (29. a3 $17) 29... cxd3 $19 30. Qf5+ Qxf5 31. gxf5 d2 32. Rd1 Bg5 33. Bxg5 hxg5 34. Rgxd2 Ne3 $1 {[%csl LRd1,LRf5][%mdl 64] [#] Double Attack} 35. Rc1+ Kb8 36. Rd3 Nxf5 {White must now prevent ...Ne3.} 37. Re1 $2 (37. Rf3 {was the only defense.} Ne3 38. Bd3) 37... Ne3 {Black is clearly winning.} 38. a4 f5 39. a5 f4 40. Be2 Rxh3 41. a6 f3 42. Bf1 Rh1 43. Rexe3 dxe3 {[%mdl 32768] Accuracy: White = 37%, Black = 59%. . Loss on time!?} 1-0

[Event "Chesscup Rapid 2020"]
[Site "Katowice"]
[Date "2020.09.13"]
[Round "7.2"]
[White "Miton, Kamil"]
[Black "Koziak, Vitali"]
[Result "1/2-1/2"]
[WhiteElo "2590"]
[BlackElo "2434"]
[Annotator "TA"]
[PlyCount "133"]
[EventDate "2020.09.12"]
[EventType "swiss"]
[EventCountry "POL"]
[SourceTitle "playchess.com"]
[Source "ChessBase"]
[SourceQuality "1"]

{[%evp 10,133,35,27,35,37,47,19,26,23,72,17,18,18,14,18,18,-7,0,0,28,20,27,15,19,18,20,23,25,25,25,25,25,25,20,26,113,107,111,109,109,75,84,65,94,58,61,54,61,64,65,10,10,10,10,10,12,12,16,16,16,16,16,0,0,0,0,0,10,10,17,10,17,17,17,17,17,17,25,0,31,0,0,0,31,0,0,0,0,0,0,0,0,0,0,0,0,0,0,0,0,0,0,0,0,0,0,0,0,0,0,0,0,0,0,0,0,0,0,0,0,0,0,0,0,0]} 1. e4 e5 2. Nf3 Nc6 3. Bc4 Nf6 4. d3 h6 5. O-O d6 6. a4 g6 {C55: Two Knights: 4 d3, 4 d4 exd4 5 e5 and Max Lange Attack.} 7. c3 Bg7 8. Nbd2 O-O 9. Re1 d5 {[#]} 10. Ba2 $146 (10. exd5 $16 Nxd5 11. a5) ({Predecessor:} 10. Bb5 Re8 11. a5 a6 12. Ba4 dxe4 13. dxe4 Nd7 14. Nc4 Qe7 15. Ne3 Nc5 16. Nd5 Qd8 17. Bc2 Ne7 {½-½ (17) Han,Y (2307)-Lavrov,M (2401) chess.com INT 2020}) 10... Be6 $11 11. b4 a6 12. Qc2 Re8 13. b5 (13. Bb2 {looks sharper.} b6 14. Qb1 dxe4 15. dxe4 Qc8 16. Bxe6 Qxe6 17. Qd3) 13... axb5 14. axb5 Na5 15. Nxe5 dxe4 16. Bxe6 Rxe6 17. d4 $36 {[%mdl 2048] White is pushing.} c5 18. bxc6 Nxc6 19. Nxc6 Rxc6 20. Rxa8 Qxa8 21. Nxe4 Nxe4 22. Rxe4 Qa1 (22... b5 $1 $11) 23. Qb2 $16 Qa5 24. Bd2 ({Wrong is} 24. Qxb7 $2 Qxc3 25. g3 Qxc1+ $19) 24... Rb6 25. Qc1 Qa2 {[#] White must now prevent ...Rb1.} 26. Re1 Rb2 27. Be3 ({Reject} 27. Bxh6 $6 Rxf2 28. Qg5 Bxh6 $11) 27... Rc2 28. Qb1 Qxb1 29. Rxb1 Rxc3 30. Rxb7 (30. Kf1 $14) 30... Bxd4 $1 $11 31. Bxh6 $14 {[%mdl 4096] Endgame KRB-KRB} Rc2 32. Be3 Bxe3 33. fxe3 $11 {KR-KR} Re2 34. Rb3 Kg7 35. Kf1 Rc2 36. e4 Rc4 37. Re3 Kf6 38. Kf2 Rc2+ 39. Kf3 Ke6 40. Rb3 Kf6 41. h4 Rc1 42. Kf4 Rf1+ 43. Rf3 Ra1 44. g4 Rb1 45. Rc3 Rf1+ 46. Rf3 Rb1 47. h5 gxh5 {The position is equal.} 48. gxh5 Rh1 49. Kg4+ Kg7 50. Rh3 Rf1 51. h6+ Kh7 52. Rh4 Rf6 53. Kg5 (53. e5 {is interesting.} Re6 54. Kf5 Ra6 55. Rh1 Rg6 56. e6) 53... Rg6+ 54. Kf5 Re6 55. e5 Ra6 56. Kg5 Rg6+ 57. Kf5 Ra6 58. Rh3 Rb6 59. Kg5 Rg6+ 60. Kf5 Ra6 61. Rh2 Rb6 62. Kg5 Rg6+ 63. Kf5 Ra6 64. Rh1 (64. e6 $5) 64... Rb6 65. Rh2 Ra6 66. Rd2 {Strongly threatening Rd7.} Rxh6 67. Ke4 {Accuracy: White = 84%, Black = 91%.} 1/2-1/2

[Event "Chesscup Rapid 2020"]
[Site "Katowice"]
[Date "2020.09.13"]
[Round "7.3"]
[White "Golubka, Petro"]
[Black "Klekowski, Maciej"]
[Result "1/2-1/2"]
[WhiteElo "2488"]
[BlackElo "2511"]
[Annotator "TA"]
[PlyCount "90"]
[EventDate "2020.09.12"]
[EventType "swiss"]
[EventCountry "POL"]
[SourceTitle "playchess.com"]
[Source "ChessBase"]
[SourceQuality "1"]

{[%evp 15,90,0,0,0,-4,-8,40,27,39,51,55,51,49,44,64,75,80,72,51,57,52,23,18,21,53,17,29,20,28,18,30,0,0,0,6,12,12,6,12,12,12,13,14,12,32,32,32,32,39,30,32,32,40,40,60,55,50,21,50,36,36,16,21,21,29,0,0,0,0,0,0,0,0,0,0,0,12838]} 1. e4 c5 2. Nf3 Nc6 3. Bb5 g6 4. O-O Bg7 5. c3 Nf6 6. Re1 O-O 7. h3 a6 8. Bf1 e5 9. d4 {B31: Sicilian: 2...Nc6 3 Bb5 g6.} cxd4 10. cxd4 d5 (10... exd4 $5 {[%cal Rd7d5]} 11. e5 Ne8 $11) 11. exd5 {[#] White is slightly better.} Nxd4 $146 ({Predecessor:} 11... Nxd5 12. dxe5 Ndb4 13. Qxd8 Rxd8 14. Na3 Be6 15. Bg5 Re8 16. Rad1 b5 17. Bd3 Nxd3 18. Rxd3 Bxa2 {½-½ (68) Alfred,N (2225)-Lewis,A (2290) England 1998}) 12. Nxe5 Qxd5 13. Nc3 Qd8 14. Be3 Nc6 15. Nxc6 bxc6 16. Bc5 Re8 17. Qxd8 Rxd8 18. Rad1 Rxd1 19. Rxd1 {[#] Threatens to win with Rd8+.} Nd5 20. Na4 Bf5 21. b3 a5 22. Bc4 Re8 23. Bxd5 cxd5 24. Bb6 ({But not} 24. Rxd5 Re1+ 25. Kh2 Be5+ 26. Rxe5 (26. g3 $2 Be4 $19) 26... Rxe5 $17) 24... Bc2 25. Rc1 $1 {[%cal Rc1c2]} ({Of course not} 25. Rxd5 Re1+ 26. Kh2 Be5+ 27. f4 (27. g3 $2 Be4 $19) 27... Bxf4+ 28. g3 Re2+ 29. Kg1 Bxg3 $17) 25... Re2 {White should prevent ...d4.} 26. Bxa5 d4 27. Re1 Rxe1+ 28. Bxe1 $11 {[%mdl 4096] Endgame KBB-KBN} d3 {aiming for ...Bh6.} 29. Nc3 Bh6 {[#] Strongly threatening ...d2.} 30. Ne4 f5 31. Bd2 Bf8 32. Nc3 Kf7 33. Kf1 Ke6 34. Ke1 Bb4 35. Nd1 Bc5 36. b4 Bd6 37. Ne3 Ba4 38. Nc4 Bb5 39. Nb2 Be5 40. a4 (40. Nd1 {looks sharper.} Kd5 41. Bc3 Bf4 42. g3 Bh6 43. f4) 40... Bxb2 {The position is equal.} 41. axb5 Kd5 42. g3 Bd4 43. Be3 {And now Bxd4 would win.} Bc3+ 44. Bd2 Bd4 45. Be3 {Hoping for Bxd4.} Ke5 $2 {[%mdl 40960] Accuracy: White = 85%, Black = 87%. . An unexpected result.} (45... Bc3+ $11 46. Bd2 Bd4) 1/2-1/2

[Event "Chesscup Rapid 2020"]
[Site "Katowice"]
[Date "2020.09.13"]
[Round "7.4"]
[White "Lewicki, Miroslaw"]
[Black "Krasenkow, Michal"]
[Result "1/2-1/2"]
[WhiteElo "2348"]
[BlackElo "2605"]
[Annotator "TA"]
[PlyCount "86"]
[EventDate "2020.09.12"]
[EventType "swiss"]
[EventCountry "POL"]
[SourceTitle "playchess.com"]
[Source "ChessBase"]
[SourceQuality "1"]

{[%evp 14,86,0,0,0,0,0,-4,0,6,19,-44,-30,-61,-54,-53,-57,-64,-63,-78,-64,-68,-64,-61,-67,-166,-166,-202,-145,-152,-145,-145,-27,-27,0,0,0,-13,0,0,0,0,0,0,0,-8,0,-27,0,-17,6,6,6,0,0,0,6,6,6,6,6,0,0,0,0,0,0,0,6,6,6,0,0,0,6]} 1. e4 c5 2. Nf3 Nc6 3. Bb5 g6 4. O-O Bg7 5. Re1 e5 6. c3 Nge7 7. d3 O-O 8. Nbd2 $1 {[%mdl 4] is now more promising than 8.Be3.} d6 {B31: Sicilian: 2...Nc6 3 Bb5 g6.} 9. a4 h6 10. Bc4 Kh7 11. Nf1 f5 {[#]} 12. exf5 $146 (12. Ne3 $11) ({Predecessor:} 12. h3 f4 13. b4 g5 14. b5 Na5 15. Ba2 b6 16. d4 Qc7 17. dxe5 dxe5 18. N3h2 {0-1 (82) Tari,A (2620)-Alekseenko,K (2638) St Petersburg 2018}) 12... Bxf5 $15 13. h3 d5 14. Ba2 Qd7 15. Ng3 Be6 16. Qe2 Nf5 17. Nxf5 Rxf5 ({Don't play} 17... gxf5 $6 18. Nxe5 Nxe5 19. d4 $14) 18. Be3 b6 19. d4 ({White should play} 19. Nh2 $15) 19... cxd4 $19 20. Bxd4 Raf8 {[#] ...Rxf3 is the strong threat.} ({Weaker is} 20... Nxd4 21. Nxd4 exd4 22. Qxe6 $11) 21. Rad1 Nxd4 22. Nxd4 exd4 (22... Rxf2 $17 23. Nxe6 Rxe2 24. Nxf8+ Bxf8 25. Rxe2 Qxa4) 23. Qxe6 $11 Qxe6 (23... Qxa4 {looks sharper.} 24. Bxd5 Re5 25. Bb3 Rxe6 26. Bxa4 Rxe1+ 27. Rxe1 dxc3 28. bxc3 Bxc3 29. Re7+ Kh8) 24. Rxe6 Rxf2 25. cxd4 Rxb2 26. Bxd5 Rb4 27. Be4 Bxd4+ 28. Kh1 Rg8 29. Rc1 Bc5 30. Rf1 Rf8 31. Rd1 {The position is equal.} Rd4 32. Rxd4 {[#] Threatening mate with Rd7+.} Bxd4 {[%mdl 4096] Endgame KRB-KRB} 33. Re7+ Kh8 34. Bxg6 a5 35. Bd3 Rf6 36. Kh2 Bc5 37. Rd7 Rf4 38. Bb5 h5 39. g3 Rf2+ 40. Kh1 h4 41. gxh4 Rf4 42. Kg2 Rxh4 43. Kg3 Rd4 {Accuracy: White = 82%, Black = 94%.} 1/2-1/2